000 00873nam a2200205 a 4500
001 000042860
005 20201002040443.0
008 140211s2013 dr acd 001 0 spa d
040 _aDO-SdBNP
_bspa
_cBNPHU
082 _a352.237
_bV335m
100 1 _aVásquez Fernández, José Alberto
_qMoreno Vásquez
_970257
245 1 0 _aMoreno Vásquez :
_bgestión legislativa 2013 /
_cJosé Alberto Vásquez Fernández.
260 _aSanto Domingo :
_bCámara de Diputados,
_c2013.
300 _a42 p. :
_bil., gráfcs., retrs. ;
_c29 cm.
590 _aInventariado,2018/DG
650 4 _aPoder legislativo
_zRepública Dominicana
_xCorrespondencia, memorias, etc.
_970258
651 4 _aRepública Dominicana
_xPolítica Y Gobierno
_xCorrespondencias, Memorias, Etc.
_970259
710 2 _aRepública Dominicana.
_bCámara de Diputados
_932238
910 _aValidado. Control de calidad EMS.
999 _c42349
_d42349